LEADER 01276nam a2200289 i 4500 001 000000195788 003 CaOOAMICUS 005 20110301000000.0 008 110301s1994 it u000 u ita u 013 $a174468 020 $a88-7819-544-8 040 $aSeMil$bita 100 1 $aSpadolini, Giovanni <1925-1994>.$0(OLS)http://semarc/name/3766 245 10$aIn diretta col passato :$btemi e figure della storia contemporanea /$cGiovanni Spadolini. 260 $aMilano :$bTEA,$c1994. 300 $a456 p. ;$c20 cm. 490 0 $aTEAdue ;$v218 500 $aIn allegato : targhetta con dedica dell'Autore Giovanni Spadolini. 650 4$aItalia - Cultura - Sec. 20.$0(OLS)http://semarc/subject/6051 650 4$aItalia - Politica - Sec. 20.$0(OLS)http://semarc/subject/2745 830 0$aTEAdue ;$v218.$0(OLS)http://semarc/title/23645 850 $aSeMil 852 $aSeMil$W1$xVenegono$y1$m3U III 419$j146357$B146357$CSeMilBibl$Z2$F165916 $81 961 $aOmaggio: Grampa dott. Cesare 996 $6020$a88-7819-544-8$9(OLS)http://semarc/number/187585 996 $6245$aIn diretta col passato :$btemi e figure della storia contemporanea$9(OLS)http://semarc/title/282591 996 $6260$aMilano :$bTEA$9(OLS)http://semarc/publisher/32364 LEADER 01195nam a2200253 4500 001 000000339851 003 CaOOAMICUS 005 20200710182411.0 008 200316s2018 fr 000 u fre r 020 $a978-2-7535-0625-1 040 $aSeMil$bita 245 12$aL'espace du diocèse :$bgenèse d'un territoire dans l'Occident médiéval (5.-13. siècle) /$csous la direction de Florian Mazel. 264 3$aRennes :$bPresses Universitaires de Rennes,$c2018. 300 $a434 p. :$bc. geogr. ;$c24 cm 650 4$aDiocesi.$0(OLS)http://semarc/subject/13290 700 1 $aMazel, Florian,$d<1972- >.$0(OLS)http://semarc/name/111161 830 0$aHistoire.$0(OLS)http://semarc/title/419770 850 $aSeMil 852 $aSeMil$W1$xVenegono$y1$m3B IV 71$j220012$B231028$CSeMilBibl$Z2$F231028 $81 961 $aPerego don Stefano - Omaggio 996 $6020$a978-2-7535-0625-1$9(OLS)http://semarc/number/290170 996 $6245$aL'espace du diocèse :$bgenèse d'un territoire dans l'Occident médiéval (5.-13. siècle)$9(OLS)http://semarc/title/428776 996 $6264$aRennes :$bPresses Universitaires de Rennes$9(OLS)http://semarc/publisher/39537